[Event "Asian-ch Seniors zt 50 3.1"]
[Site "Chess.com INT"]
[Date "2020.07.13"]
[Round "2.9"]
[White "Kaveh, Taghi"]
[Black "Zuhair, Hassan Ahmad"]
[Result "1-0"]
[WhiteElo "1615"]
[BlackElo "2333"]
[PlyCount "129"]
[EventDate "2020.07.13"]
[EventType "swiss"]
[EventRounds "7"]
[EventCountry "JOR"]
[SourceTitle "EXT 2024"]
[Source "ChessBase"]
[SourceDate "2023.10.10"]
[SourceVersion "1"]
[SourceVersionDate "2023.10.10"]
[SourceQuality "1"]

1. e4 c5 2. Nf3 d6 3. d4 cxd4 4. Qxd4 Nf6 5. Bb5+ Nc6 6. Bxc6+ bxc6 7. c4 Qb6 8. Qd3 Ba6 9. b3 g6 10. Bb2 Bg7 11. 0-0 0-0 12. Re1 Ng4 13. Bd4 Bxd4 14. Qxd4 c5 15. Qd3 Rad8 16. Nc3 Ne5 17. Qd1 e6 18. Qe2 Nc6 19. Rad1 Nd4 20. Qd3 e5 21. Nd5 Qb7 22. Rd2 f6 23. Nh4 Kg7 24. f4 Rde8 25. Qg3 exf4 26. Qxf4 Re5 27. Nf3 Nxf3+ 28. Qxf3 f5 29. Qd3 Qf7 30. Rf2 Bb7 31. Ref1 Bxd5 32. exd5 Rfe8 33. g4 Re3 34. Qd2 Qf6 35. gxf5 g5 36. Rg2 h5 37. Qb2 g4 38. Qd2 Qd4 39. Qxd4+ cxd4 40. Rd2 d3 41. Rfd1 Re1+ 42. Rxe1 Rxe1+ 43. Kf2 Ra1 44. Ke3 Kf6 45. Kxd3 Kxf5 46. Kd4 Re1 47. c5 dxc5+ 48. Kxc5 Rc1+ 49. Kb5 Ke5 50. d6 Rc8 51. d7 Rd8 52. Kc6 Ke6 53. Kc7 Rf8 54. d8Q Rxd8 55. Rxd8 h4 56. Rd4 Kf5 57. Kd6 g3 58. hxg3 hxg3 59. Kc6 g2 60. Rd1 Kf4 61. Kb7 a5 62. Kb6 Kf3 63. Kxa5 Ke2 64. Ra1 Kd2 65. b4 1-0

[Event "Asian-ch Seniors zt 50 3.1"]
[Site "Chess.com INT"]
[Date "2020.07.13"]
[Round "1.1"]
[White "Zuhair, Hassan Ahmad"]
[Black "Baranbo, Mohamed"]
[Result "0-1"]
[WhiteElo "2333"]
[BlackElo "1883"]
[PlyCount "50"]
[EventDate "2020.07.13"]
[EventType "swiss"]
[EventRounds "7"]
[EventCountry "JOR"]
[SourceTitle "EXT 2024"]
[Source "ChessBase"]
[SourceDate "2023.10.10"]
[SourceVersion "1"]
[SourceVersionDate "2023.10.10"]
[SourceQuality "1"]

1. e4 c5 2. Nc3 d6 3. d3 e6 4. f4 Nf6 5. Nf3 Be7 6. g3 0-0 7. Bg2 Nc6 8. 0-0 a6 9. h3 Bd7 10. Be3 Rc8 11. g4 d5 12. e5 Ne8 13. Bf2 b5 14. a3 Qc7 15. Re1 b4 16. Ne2 bxa3 17. Rxa3 c4 18. Rxa6 cxd3 19. cxd3 Rb8 20. Qc2 Qc8 21. Rc1 Qxa6 22. Kh2 Nb4 23. Qb3 Qxd3 24. Nc3 Nc7 25. Bf1 Qxf3 0-1

[Event "Asian-ch Seniors zt 50 3.1"]
[Site "Chess.com INT"]
[Date "2020.07.13"]
[Round "3.12"]
[White "Zuhair, Hassan Ahmad"]
[Black "Farhan, Naseer Jasim Alhasn"]
[Result "0-1"]
[WhiteElo "2333"]
[BlackElo "1950"]
[PlyCount "80"]
[EventDate "2020.07.13"]
[EventType "swiss"]
[EventRounds "7"]
[EventCountry "JOR"]
[SourceTitle "EXT 2024"]
[Source "ChessBase"]
[SourceDate "2023.10.10"]
[SourceVersion "1"]
[SourceVersionDate "2023.10.10"]
[SourceQuality "1"]

1. e4 c6 2. Nc3 Nf6 3. Nf3 d6 4. d4 Bg4 5. Bc4 e6 6. Bg5 Be7 7. h3 Bh5 8. e5 dxe5 9. dxe5 Qxd1+ 10. Rxd1 Bxf3 11. gxf3 Nd5 12. Bxe7 Kxe7 13. Ne4 Nd7 14. Nd6 Nxe5 15. Bxd5 exd5 16. Nxb7 Nxf3+ 17. Ke2 Ng5 18. Nc5 Rhe8 19. Kd2 Kd6 20. Nb7+ Kc7 21. Nc5 g6 22. f4 Ne4+ 23. Nxe4 Rxe4 24. Rdf1 f5 25. h4 Rae8 26. Rf2 Rd4+ 27. Kc3 Rc4+ 28. Kb3 Ree4 29. Rhf1 Rb4+ 30. Ka3 Ra4+ 31. Kb3 Reb4+ 32. Kc3 d4+ 33. Kd3 Rxb2 34. Re1 Kd6 35. Rfe2 Ra3+ 36. Kd2 Raxa2 37. Re6+ Kc5 38. R1e5+ Kb6 39. Re7 Rxc2+ 40. Kd1 Rh2 0-1